000 01686cam a22004694i 4500
003 PE-LiUPU
005 20250731173525.0
008 150616s r 000 0 d
020 _a0805416064
035 _a(Sirsi) i9780805416060
040 _aPE-LiUPU
_bspa
_cPE-LiUPU
_erda
049 _aPRUA
082 0 4 _a230
_bS61
_221
100 1 _aSmith, Ralph L.,
_eautor.
245 1 0 _aOld Testament Theology /
_cRalph L. Smith.
264 1 _aTennessee :
_bBroadman & Holman Publishers,
_c1993.
300 _a525 páginas ;
_c24 centímetros
336 _atext
_2rdacontent
337 _aunmediated
_2rdamedia
338 _avolume
_2rdacarrier
504 _aIncluye bibliografía.
505 0 _aThe story of Old Testament theology.- The nature and method of Old Testament theology.- the knowledge of God.- I will be your God; you shall be my people.- Who is a God like.- What is mankind?.- Sin and redemption.- Worship.- The good life.
526 _aSEG42
526 _aSEG41
526 _aSEG40
526 _aSEG39
526 _aP94
526 _aP87
526 _aP86
526 _aP85
526 _aP77
526 _aP76
526 _aP35
630 _aBiblia.
_pA.T.
_xTEOLOGIA.
910 _ajck
_bjvq
_cjck
942 _2ddc
_cBOOK
949 _a230 S61
_wDEWEY
_c1
_i42192
_lCCODEBUL1
_mBUL
_r0
_sY
_tBOOK
_u2015-6-16
_xTEOLOGIA
_zUNKNOWN
_0COMPRA
_o.STAFF. Colección General
994 _aC0
_bPEPRU
596 _a1
999 _a230 S61
_wDEWEY
_c59884
_i42192
_d59884
_f2021-11-9
_g5
_lCCODEBUL1
_mBUL
_q1
_r0
_sY
_tBOOK
_u2015-6-16
_xTEOLOGIA
_zUNKNOWN
_0COMPRA
_o.STAFF. Colección General
980 _81
_gALBERTO SANCHEZ Responsable de Automatización